000 00759nam a2200229Ii 4500
003 JO-AjNU
008 230605s9999||||xx |||||||||||||| ||und||
017 _a1993/7384
020 _a977-5222-095
040 _aJO-AjNU
_bara
_erda
_cJO-AjNU
041 _aara
050 1 4 _aHB884.A3.M33.1993
100 3 _aجاد،محمود,
_eauthor
_916596
245 0 0 _aالتضخم الحضري في البلاد النامية
250 _aط2
264 3 1 _aالقاهرة:دار العالم الثالث،1993
300 _a167ص
336 _atext
_btxt
_2rdacontent
337 _aunmediated
_bn
_2rdamedia
338 _avolume
_bnc
_2rdacarrier
650 4 _aالدول النامية-السكان-احوال اقتصادية -احوال اجتماعية
_916597
999 _aA4955
_c8523
_d8523